书目信息 |
| 题名: |
普希金长诗选
|
|
| 作者: | 普希金 著 ;余振 译 | |
| 分册: | ||
| 出版信息: | 北京 外国文学出版社 1984 |
|
| 页数: | 397页 | |
| 开本: | 18cm | |
| 丛书名: | ||
| 单 册: | ||
| 中图分类: | I512.24 | |
| 科图分类: | ||
| 主题词: | 文学 | |
| 电子资源: | ||
| ISBN: | ||
| 000 | 00675nam0 2200253 45 | |
| 001 | 0184004232 | |
| 005 | 20030106155508.2 | |
| 010 | @dCNY1.50 | |
| 091 | @a10208.183 | |
| 100 | @a19950630d1984 em y0chiy0121 ea | |
| 101 | 1 | @achi@crus |
| 102 | @aCN@b110000 | |
| 105 | @acf z 000gy | |
| 106 | @ar | |
| 200 | 10 | @a普希金长诗选@Apu xi jin chang shi xuan@f(俄)普希金著@g余振译 |
| 210 | @a北京@c外国文学出版社@d1984 | |
| 215 | @a397页@c肖像及图@d18cm | |
| 606 | 0 | @a文学 |
| 690 | @aI512.24 | |
| 701 | 1 | @a普希金@Apu xi jin@4著 |
| 702 | 0 | @a余振@Ayu zhen@4译 |
| 801 | 0 | @aCN@b上海图书馆@c20030106 |
| 801 | 2 | @aCN@bNLC@c20030106 |
| 905 | @f4@b121313-316@dI512.24@e193 | |
| 普希金长诗选/(俄)普希金著/余振译.-北京:外国文学出版社,1984 |
| 397页:肖像及图;18cm |
| ISBN :CNY1.50 |
| ● |
| 相关链接 |
|
|
|
|
正题名:普希金长诗选
索取号:I512.24/193
 
预约/预借
| 序号 | 登录号 | 条形码 | 馆藏地/架位号 | 状态 | 备注 |
| 1 | 0121313 | 000659148 | 密集书库/ [索取号:I512.24/193] | 在馆 | |
| 2 | 0121314 | 000659102 | 第二借阅区/ [索取号:I512.24/193] | 在馆 | |
| 3 | 0121315 | 000659139 | 密集书库/ [索取号:I512.24/193] | 在馆 | |
| 4 | 0121316 | 000659111 | 密集书库/ [索取号:I512.24/193] | 在馆 | |
| 5 | 0121317 | 000659120 | 第一样本阅览室/ [索取号:I512.24/193] | 在馆 |